[Event "Lloyds Bank Masters 11th"]
[Site "London"]
[Date "1987.08.24"]
[Round "3"]
[White "Large, Peter G"]
[Black "Karolyi, Tibor Jr"]
[Result "1-0"]
[WhiteElo "2330"]
[BlackElo "2435"]
[PlyCount "105"]
[EventDate "1987.08.22"]
[EventType "swiss"]
[EventRounds "10"]
[EventCountry "ENG"]
[SourceTitle "BritBase"]
[Source "John Saunders"]
[SourceDate "2022.12.30"]
[SourceVersion "1"]
[SourceVersionDate "2022.12.30"]
[SourceQuality "1"]

1. e4 e5 2. Nf3 Nc6 3. Bb5 a6 4. Ba4 Nf6 5. O-O Be7 6. Re1 b5 7. Bb3 d6 8. c3
O-O 9. h3 h6 10. d4 Re8 11. Nbd2 Bf8 12. Nf1 Bb7 13. Ng3 Na5 14. Bc2 Nc4 15. b3
Nb6 16. a4 bxa4 17. bxa4 a5 18. Bd3 Qc8 19. d5 c6 20. Rb1 Nbd7 21. c4 Nc5 22.
Bf1 Ba6 23. Ba3 Nfd7 24. Qc2 g6 25. Red1 Qc7 26. Be2 Reb8 27. Nd2 Be7 28. Bg4
Bc8 29. Rxb8 Rxb8 30. Rb1 Ra8 31. Ngf1 Na6 32. Ne3 c5 33. Nd1 Nb4 34. Qc1 Nb6
35. Bxc8 Qxc8 36. Nc3 Bg5 37. Nb5 Qd7 38. Qd1 Kg7 39. Bc1 Nd3 40. Ba3 Nb4 41.
Bc1 f5 42. exf5 gxf5 43. Rb3 Kh7 44. h4 Bxd2 45. Qxd2 f4 46. Qe2 Rg8 47. Qe4+
Kh8 48. Bb2 Nxc4 49. Qxc4 Rxg2+ 50. Kxg2 Qg4+ 51. Rg3 f3+ 52. Kg1 Qxc4 53. Nxd6
1-0

[Event "Lloyds Bank Masters 11th"]
[Site "London"]
[Date "1987.08.24"]
[Round "3"]
[White "Wahls, Matthias"]
[Black "Chandler, Murray G"]
[Result "0-1"]
[WhiteElo "2435"]
[BlackElo "2575"]
[PlyCount "78"]
[EventDate "1987.08.22"]
[EventType "swiss"]
[EventRounds "10"]
[EventCountry "ENG"]
[SourceTitle "BritBase"]
[Source "John Saunders"]
[SourceDate "2022.12.30"]
[SourceVersion "1"]
[SourceVersionDate "2022.12.30"]
[SourceQuality "1"]

1. e4 c5 2. Nf3 e6 3. d4 cxd4 4. Nxd4 Nf6 5. Nc3 Nc6 6. Ndb5 Bb4 7. a3 Bxc3+ 8.
Nxc3 d5 9. exd5 exd5 10. Bd3 O-O 11. O-O d4 12. Ne2 Bg4 13. b4 Re8 14. Bb2 Nd5
15. Qd2 Bxe2 16. Bxe2 Qf6 17. Bf3 Nc3 18. Rae1 Red8 19. Bxc6 bxc6 20. Qd3 a5
21. Qc4 axb4 22. axb4 Nb5 23. Rd1 Rd5 24. Rd3 Re8 25. h3 h6 26. Rfd1 Re2 27.
Rf1 Qg6 28. Rfd1 Rg5 29. g3 Qe4 30. Rf1 h5 31. Bc1 Rg6 32. Re3 Rxe3 33. Bxe3 h4
34. g4 Qf3 35. Bxd4 Qxh3 36. f3 Qg3+ 37. Kh1 h3 38. Rf2 Nxd4 39. Qxd4 Rd6 0-1

[Event "Lloyds Bank Masters 11th"]
[Site "London"]
[Date "1987.08.25"]
[Round "4"]
[White "Chandler, Murray G"]
[Black "Littlewood, Paul E"]
[Result "1/2-1/2"]
[WhiteElo "2575"]
[BlackElo "2470"]
[PlyCount "118"]
[EventDate "1987.08.22"]
[EventType "swiss"]
[EventRounds "10"]
[EventCountry "ENG"]
[SourceTitle "BritBase"]
[Source "John Saunders"]
[SourceDate "2022.12.30"]
[SourceVersion "1"]
[SourceVersionDate "2022.12.30"]
[SourceQuality "1"]

1. e4 e5 2. Nf3 Nc6 3. Bb5 a6 4. Ba4 Nf6 5. O-O Be7 6. Re1 b5 7. Bb3 O-O 8. c3
d5 9. exd5 Nxd5 10. Nxe5 Nxe5 11. Rxe5 c6 12. d4 Bd6 13. Re1 Qh4 14. g3 Qh3 15.
Be3 Bg4 16. Qd3 Rae8 17. Nd2 Re6 18. a4 bxa4 19. Rxa4 f5 20. Qf1 Qh5 21. f4 Rb8
22. Bxd5 cxd5 23. Rxa6 Qe8 24. Bf2 Qd7 25. Rxe6 Qxe6 26. c4 dxc4 27. Qxc4 Qxc4
28. Nxc4 Be2 29. Rc6 Bxc4 30. Rxc4 Rxb2 31. Rc3 Kf7 32. Rd3 Rc2 33. Kg2 h6 34.
Rb3 g5 35. fxg5 hxg5 36. h4 f4 37. gxf4 Bxf4 38. Kf3 gxh4 39. Bxh4 Bd6 40. Rb6
Ke6 41. Ke4 Re2+ 42. Kd3 Rg2 43. Be1 Kd5 44. Rb5+ Kc6 45. Rh5 Ra2 46. Bd2 Rb2
47. Bc3 Rb5 48. Rh6 Kd5 49. Rh8 Ba3 50. Bd2 Bd6 51. Rd8 Rb3+ 52. Bc3 Ke6 53.
Kc4 Rb8 54. d5+ Ke7 55. Bf6+ Kxf6 56. Rxd6+ Ke7 57. Rh6 Rb1 58. Kc5 Rc1+ 59.
Kb6 Kd7 1/2-1/2

[Event "Lloyds Bank Masters 11th"]
[Site "London"]
[Date "1987.08.25"]
[Round "4"]
[White "Delaney, John Anthony"]
[Black "Hebden, Mark"]
[Result "1/2-1/2"]
[WhiteElo "2290"]
[BlackElo "2515"]
[PlyCount "88"]
[EventDate "1987.08.22"]
[EventType "swiss"]
[EventRounds "10"]
[EventCountry "ENG"]
[SourceTitle "BritBase"]
[Source "John Saunders"]
[SourceDate "2022.12.30"]
[SourceVersion "1"]
[SourceVersionDate "2022.12.30"]
[SourceQuality "1"]

1. e4 e5 2. Nf3 Nc6 3. Bb5 a6 4. Ba4 Nf6 5. O-O Be7 6. Re1 b5 7. Bb3 O-O 8. a4
Bb7 9. d3 d6 10. Nc3 Na5 11. Ba2 b4 12. Ne2 Rb8 13. Ng3 c5 14. Bd2 Ne8 15. Nf5
Bf6 16. h3 Nc7 17. Ne3 Kh8 18. Qc1 g6 19. Nc4 Nxc4 20. Bxc4 Bg7 21. c3 bxc3 22.
bxc3 Bc6 23. Bh6 f5 24. Bxg7+ Kxg7 25. Qe3 Qf6 26. Reb1 Bd7 27. a5 Bb5 28. Bxb5
axb5 29. d4 exd4 30. cxd4 fxe4 31. Qxe4 d5 32. Qe5 Qxe5 33. Nxe5 c4 34. Nc6 Na6
35. Nxb8 Rxb8 36. Re1 Kf7 37. Ra3 Rb7 38. Rf3+ Kg7 39. Re6 b4 40. Rxa6 b3 41.
Re3 b2 42. Re1 b1=Q 43. Rxb1 Rxb1+ 44. Kh2 Rd1 1/2-1/2

[Event "Lloyds Bank Masters 11th"]
[Site "London"]
[Date "1987.08.25"]
[Round "4"]
[White "Forbes, Cathy"]
[Black "Berglitz, Regina"]
[Result "0-1"]
[WhiteElo "1905"]
[BlackElo "2135"]
[PlyCount "78"]
[EventDate "1987.08.22"]
[EventType "swiss"]
[EventRounds "10"]
[EventCountry "ENG"]
[SourceTitle "BritBase"]
[Source "John Saunders"]
[SourceDate "2022.12.30"]
[SourceVersion "1"]
[SourceVersionDate "2022.12.30"]
[SourceQuality "1"]

1. e4 c5 2. Nf3 Nc6 3. d4 cxd4 4. Nxd4 Nf6 5. Nc3 e6 6. Ndb5 Bb4 7. Nd6+ Ke7 8.
Bf4 e5 9. Nf5+ Kf8 10. Bg5 d5 11. Bxf6 Qxf6 12. Qxd5 Bxf5 13. exf5 Rd8 14. Qc4
Rd4 15. Qb5 Qe7 16. a3 a6 17. Qe2 Bxc3+ 18. bxc3 Qc5 19. Qe3 Re4 20. Qxe4 Qxc3+
21. Kd1 Qxa1+ 22. Kd2 Ke7 23. g3 Qxa3 24. f4 Rd8+ 25. Bd3 Qa5+ 26. Ke2 Kf8 27.
fxe5 Nxe5 28. Qxb7 Nxd3 29. cxd3 Qa2+ 30. Ke3 Re8+ 31. Kd4 Qe2 32. Qxa6 Qe5+
33. Kc4 Qxf5 34. Qd6+ Kg8 35. Re1 Rc8+ 36. Kb4 Qf2 37. Qe5 Qb6+ 38. Qb5 Qd4+
39. Ka3 Qc3+ 0-1

[Event "Lloyds Bank Masters 11th"]
[Site "London"]
[Date "1987.08.25"]
[Round "4"]
[White "Gallagher, Joseph G"]
[Black "Dunnington, Angus J"]
[Result "1/2-1/2"]
[WhiteElo "2405"]
[BlackElo "2300"]
[PlyCount "74"]
[EventDate "1987.08.22"]
[EventType "swiss"]
[EventRounds "10"]
[EventCountry "ENG"]
[SourceTitle "BritBase"]
[Source "John Saunders"]
[SourceDate "2022.12.30"]
[SourceVersion "1"]
[SourceVersionDate "2022.12.30"]
[SourceQuality "1"]

1. e4 c6 2. d4 d5 3. Nd2 g6 4. e5 h5 5. f4 Nh6 6. Ngf3 Bg4 7. Bd3 e6 8. c3 c5
9. dxc5 Bxc5 10. Nb3 Bb6 11. Qe2 Nc6 12. Be3 Nf5 13. Bf2 h4 14. Bxf5 gxf5 15.
O-O-O Bxf2 16. Qxf2 Qb6 17. Nbd4 Rc8 18. Kb1 Nxd4 19. cxd4 h3 20. Rc1 Rc6 21.
Ng5 hxg2 22. Qxg2 Qxd4 23. Rxc6 bxc6 24. Qc2 c5 25. Rf1 Rxh2 26. Qxh2 Qd3+ 27.
Kc1 Qxf1+ 28. Kd2 Qd1+ 29. Kc3 Qc1+ 30. Kd3 Qc4+ 31. Kd2 Qxa2 32. Qh8+ Kd7 33.
Qb8 Qa5+ 34. Kc2 Qa4+ 35. Kb1 Qd1+ 36. Ka2 Qa4+ 37. Kb1 Qd1+ 1/2-1/2

[Event "Lloyds Bank Masters 11th"]
[Site "London"]
[Date "1987.08.25"]
[Round "4"]
[White "Lalic, Susan"]
[Black "Coull, Alison Jane"]
[Result "1-0"]
[WhiteElo "2335"]
[BlackElo "2005"]
[PlyCount "69"]
[EventDate "1987.08.22"]
[EventType "swiss"]
[EventRounds "10"]
[EventCountry "ENG"]
[SourceTitle "BritBase"]
[Source "John Saunders"]
[SourceDate "2022.12.30"]
[SourceVersion "1"]
[SourceVersionDate "2022.12.30"]
[SourceQuality "1"]

1. e4 e6 2. d4 d5 3. Nc3 Bb4 4. e5 c5 5. Qg4 Ne7 6. Nf3 Nbc6 7. a3 Bxc3+ 8.
bxc3 O-O 9. Bd3 f5 10. exf6 Rxf6 11. Bg5 Rf7 12. Qh3 g6 13. Ne5 Nxe5 14. dxe5
c4 15. Be2 Qc7 16. Bf6 Nf5 17. O-O Bd7 18. Rfd1 b5 19. Bg4 Qc5 20. Qf3 Bc6 21.
Bxf5 exf5 22. Rd4 Re8 23. h4 Rxf6 24. exf6 Qd6 25. h5 Qxf6 26. hxg6 hxg6 27. g3
Re4 28. Rad1 a5 29. Rxe4 dxe4 30. Qf4 Qxc3 31. Rd8+ Kg7 32. Qc7+ Kh6 33. Qxc6
Qxc2 34. Qf6 Kh5 35. Qh4# 1-0

[Event "Lloyds Bank Masters 11th"]
[Site "London"]
[Date "1987.08.25"]
[Round "4"]
[White "McDonald, Neil R"]
[Black "Kudrin, Sergey"]
[Result "1/2-1/2"]
[WhiteElo "2400"]
[BlackElo "2515"]
[PlyCount "64"]
[EventDate "1987.08.22"]
[EventType "swiss"]
[EventRounds "10"]
[EventCountry "ENG"]
[SourceTitle "BritBase"]
[Source "John Saunders"]
[SourceDate "2022.12.30"]
[SourceVersion "1"]
[SourceVersionDate "2022.12.30"]
[SourceQuality "1"]

1. Nf3 Nf6 2. g3 d5 3. Bg2 Bf5 4. d3 e6 5. Nbd2 Be7 6. c4 Nbd7 7. Nh4 Bg4 8. h3
Bh5 9. g4 Bg6 10. Nxg6 hxg6 11. Rb1 a5 12. b3 c6 13. a3 Qb6 14. Qc2 Bd6 15. Nf3
Ne5 16. Nxe5 Bxe5 17. b4 axb4 18. axb4 Qa7 19. b5 Qa2 20. Qxa2 Rxa2 21. f4 Ra1
22. Rxa1 Bxa1 23. Bd2 Kd7 24. Kf2 Ra8 25. Rb1 Kc8 26. f5 gxf5 27. gxf5 exf5 28.
bxc6 bxc6 29. cxd5 Nxd5 30. Bxd5 cxd5 31. Rb5 Ra2 32. Bf4 Kd7 1/2-1/2

[Event "Lloyds Bank Masters 11th"]
[Site "London"]
[Date "1987.08.25"]
[Round "4"]
[White "Ravikumar, Vaidyanathan"]
[Black "Dlugy, Maxim"]
[Result "0-1"]
[WhiteElo "2305"]
[BlackElo "2545"]
[PlyCount "84"]
[EventDate "1987.08.22"]
[EventType "swiss"]
[EventRounds "10"]
[EventCountry "ENG"]
[SourceTitle "BritBase"]
[Source "John Saunders"]
[SourceDate "2022.12.30"]
[SourceVersion "1"]
[SourceVersionDate "2022.12.30"]
[SourceQuality "1"]

1. d4 Nf6 2. Nf3 g6 3. Bf4 Bg7 4. e3 c5 5. c3 b6 6. h3 Bb7 7. Be2 O-O 8. O-O d6
9. Bh2 Nbd7 10. Nbd2 Rc8 11. Re1 Rc7 12. Bd3 e5 13. dxe5 dxe5 14. e4 Nh5 15.
Qc2 Nf4 16. Bf1 Qf6 17. Rad1 g5 18. Re3 h5 19. Nc4 g4 20. hxg4 hxg4 21. Rxd7
Rxd7 22. Ncxe5 Rdd8 23. Nxg4 Qe6 24. Bxf4 Qxg4 25. g3 Rfe8 26. Be2 Qg6 27. Nd2
Bh6 28. Bxh6 Qxh6 29. Bf3 Kg7 30. Bg2 Re7 31. Nf3 Red7 32. Re1 Qh5 33. c4 Kg8
34. Qe2 Rd3 35. b3 Bc8 36. Nh4 Qxe2 37. Rxe2 Rd1+ 38. Bf1 Bh3 39. Ng2 Rxf1+ 40.
Kxf1 Rd1+ 41. Re1 Bxg2+ 42. Ke2 Rxe1+ 0-1

[Event "Lloyds Bank Masters 11th"]
[Site "London"]
[Date "1987.08.25"]
[Round "4"]
[White "Sahu, Sekhar Chandra"]
[Black "Flear, Glenn C"]
[Result "0-1"]
[WhiteElo "2380"]
[BlackElo "2480"]
[PlyCount "96"]
[EventDate "1987.08.22"]
[EventType "swiss"]
[EventRounds "10"]
[EventCountry "ENG"]
[SourceTitle "BritBase"]
[Source "John Saunders"]
[SourceDate "2022.12.30"]
[SourceVersion "1"]
[SourceVersionDate "2022.12.30"]
[SourceQuality "1"]

1. e4 e5 2. Nf3 Nc6 3. Bb5 a6 4. Ba4 Nf6 5. O-O Bc5 6. Nxe5 Nxe5 7. d4 Nxe4 8.
Re1 Be7 9. Rxe4 Ng6 10. h4 b5 11. Bb3 d5 12. Re1 Nxh4 13. Bg5 Ng6 14. Nc3 Be6
15. Bxe7 Nxe7 16. Qf3 O-O 17. Ne2 Ng6 18. c3 Qg5 19. Qg3 Qxg3 20. fxg3 Rfe8 21.
Nc1 Nf8 22. Nd3 Nd7 23. a4 Kf8 24. axb5 axb5 25. Rxa8 Rxa8 26. Nf4 Nf6 27.
Nxe6+ fxe6 28. Rxe6 Ra1+ 29. Kh2 h5 30. g4 Nxg4+ 31. Kg3 Nf6 32. Re5 c6 33. Re6
Rb1 34. Rxc6 Rxb2 35. Bd1 b4 36. c4 Rd2 37. Bf3 Rxd4 38. cxd5 Nxd5 39. Rd6 Ne7
40. Rxd4 Nf5+ 41. Kf4 Nxd4 42. Bxh5 b3 43. Bg6 b2 44. Kg5 Ne2 45. Bc2 Nc3 46.
Kg6 b1=Q 47. Bxb1 Nxb1 48. Kh7 Kf7 0-1

[Event "Lloyds Bank Masters 11th"]
[Site "London"]
[Date "1987.08.25"]
[Round "4"]
[White "Ward, Christopher"]
[Black "Watson, William N"]
[Result "0-1"]
[WhiteElo "2275"]
[BlackElo "2530"]
[PlyCount "86"]
[EventDate "1987.08.22"]
[EventType "swiss"]
[EventRounds "10"]
[EventCountry "ENG"]
[SourceTitle "BritBase"]
[Source "John Saunders"]
[SourceDate "2022.12.30"]
[SourceVersion "1"]
[SourceVersionDate "2022.12.30"]
[SourceQuality "1"]

1. g3 e5 2. c4 g6 3. Nc3 Bg7 4. Bg2 d6 5. d3 Nc6 6. Rb1 a5 7. e3 h5 8. h4 Nge7
9. Nge2 O-O 10. O-O Be6 11. Nd5 Nc8 12. Nec3 Nb8 13. e4 c6 14. Ne3 Na6 15. b3
Qd7 16. Kh2 Ne7 17. Ncd5 Nc8 18. Nc3 Qe8 19. Ne2 Nc5 20. Bb2 Bd7 21. Bc3 Qd8
22. Qd2 b5 23. cxb5 cxb5 24. d4 Ne6 25. dxe5 b4 26. Ba1 dxe5 27. Rfd1 Bb5 28.
Nd5 Qd6 29. Ng1 Ra7 30. Nf3 Rd7 31. Qe3 Qb8 32. Bh3 Rdd8 33. Rbc1 Rfe8 34. Bxe6
fxe6 35. Ne7+ Nxe7 36. Rxd8 Rxd8 37. Qg5 Rf8 38. Qxe7 Rxf3 39. Qxe6+ Kh7 40.
Kg2 Qf8 41. Bxe5 Rxf2+ 42. Kh3 Bxe5 43. Qxe5 Bd7+ 0-1

[Event "Lloyds Bank Masters 11th"]
[Site "London"]
[Date "1987.08.25"]
[Round "4"]
[White "Wilder, Michael"]
[Black "Large, Peter G"]
[Result "1-0"]
[WhiteElo "2505"]
[BlackElo "2330"]
[PlyCount "79"]
[EventDate "1987.08.22"]
[EventType "swiss"]
[EventRounds "10"]
[EventCountry "ENG"]
[SourceTitle "BritBase"]
[Source "John Saunders"]
[SourceDate "2022.12.30"]
[SourceVersion "1"]
[SourceVersionDate "2022.12.30"]
[SourceQuality "1"]

1. d4 d5 2. c4 e6 3. Nc3 Be7 4. Nf3 Nf6 5. Bg5 h6 6. Bh4 O-O 7. e3 b6 8. Bd3
Bb7 9. Bxf6 Bxf6 10. cxd5 exd5 11. O-O Nd7 12. Qb3 c6 13. Rad1 Re8 14. Rfe1 Nf8
15. e4 Ne6 16. e5 Be7 17. Bb1 Qc7 18. Qc2 g6 19. Qd2 Kg7 20. h4 h5 21. Ne2 a5
22. a3 Rad8 23. Ng5 Bxg5 24. hxg5 c5 25. f4 Ba6 26. f5 gxf5 27. Ng3 Rg8 28.
Nxh5+ Kh8 29. Nf6 Nxd4 30. Qf2 Kg7 31. Nxg8 Kxg8 32. Bxf5 Re8 33. e6 fxe6 34.
Rxd4 cxd4 35. Bxe6+ Rxe6 36. Rxe6 Qf7 37. Qxf7+ Kxf7 38. Rxb6 d3 39. Rxa6 d2
40. Rf6+ 1-0

[Event "Lloyds Bank Masters 11th"]
[Site "London"]
[Date "1980.08.25"]
[Round "4"]
[White "Rogers, Ian"]
[Black "Vogel, Jaap"]
[Result "1-0"]
[WhiteElo "2535"]
[BlackElo "2300"]
[PlyCount "113"]
[EventDate "1987.08.22"]
[EventType "swiss"]
[EventRounds "10"]
[EventCountry "ENG"]
[SourceTitle "BritBase"]
[Source "John Saunders"]
[SourceDate "2022.12.30"]
[SourceVersion "1"]
[SourceVersionDate "2022.12.30"]
[SourceQuality "1"]

1. d4 e6 2. g3 Nf6 3. Bg2 d5 4. Nf3 Be7 5. O-O O-O 6. c4 b6 7. cxd5 exd5 8. Nc3
Bb7 9. Ne5 Na6 10. Nd3 Ne4 11. Nf4 Nxc3 12. bxc3 c6 13. e4 dxe4 14. Bxe4 Nc7
15. Re1 Nd5 16. Qf3 Re8 17. Bd2 Nxf4 18. Bxf4 Qd7 19. Be5 Bd6 20. Bxd6 Qxd6 21.
Bxh7+ Kf8 22. Bc2 Re6 23. Rxe6 Qxe6 24. Bb3 Qe7 25. Qh5 Kg8 26. Bc2 g6 27. Qe5
Qd7 28. Re1 c5 29. Qe7 Qxe7 30. Rxe7 Bd5 31. dxc5 Rc8 32. cxb6 axb6 33. Bb3
Bxb3 34. axb3 Rxc3 35. Re3 Rc1+ 36. Kg2 Rb1 37. h4 Rb2 38. g4 b5 39. Kg3 b4 40.
Rf3 Rd2 41. Re3 Kg7 42. f3 f5 43. Re7+ Kf6 44. Rb7 fxg4 45. Kxg4 Rd4+ 46. f4
Re4 47. Rb6+ Kf7 48. Kg5 Rd4 49. Rb7+ Ke6 50. h5 gxh5 51. f5+ Ke5 52. Rb5+ Kd6
53. Kxh5 Rd3 54. Rxb4 Ke5 55. Kg4 Rd1 56. Rb5+ Kf6 57. Rb6+ {Source: Ian
Rogers via Australian Chess Games. Contributed by Paul Summers, 8 April 2023.}
1-0

[Event "Lloyds Bank Masters 11th"]
[Site "London"]
[Date "1987.08.26"]
[Round "5"]
[White "Connolly, Suzanne"]
[Black "Lalic, Susan"]
[Result "0-1"]
[WhiteElo "2040"]
[BlackElo "2335"]
[PlyCount "44"]
[EventDate "1987.08.22"]
[EventType "swiss"]
[EventRounds "10"]
[EventCountry "ENG"]
[SourceTitle "BritBase"]
[Source "John Saunders"]
[SourceDate "2022.12.30"]
[SourceVersion "1"]
[SourceVersionDate "2022.12.30"]
[SourceQuality "1"]

1. e4 c6 2. d4 d5 3. exd5 cxd5 4. Bd3 Nc6 5. c3 g6 6. Bf4 Nh6 7. Nf3 Bf5 8.
Bxf5 Nxf5 9. Qb3 Qd7 10. O-O Bg7 11. Na3 O-O 12. Nc2 Na5 13. Qb4 Nc4 14. Na3 a5
15. Qb3 a4 16. Qb4 Rfc8 17. Ne5 Nxe5 18. Bxe5 f6 19. Bf4 e5 20. Be3 Bf8 21. Qb5
Qxb5 22. Nxb5 Ra5 0-1

[Event "Lloyds Bank Masters 11th"]
[Site "London"]
[Date "1987.08.26"]
[Round "5"]
[White "Dickenson, Neil F"]
[Black "Plaskett, H James"]
[Result "0-1"]
[WhiteElo "2245"]
[BlackElo "2475"]
[PlyCount "78"]
[EventDate "1987.08.22"]
[EventType "swiss"]
[EventRounds "10"]
[EventCountry "ENG"]
[SourceTitle "BritBase"]
[Source "John Saunders"]
[SourceDate "2022.12.30"]
[SourceVersion "1"]
[SourceVersionDate "2022.12.30"]
[SourceQuality "1"]

1. d4 Nf6 2. c4 c5 3. d5 b5 4. Nf3 b4 5. Nbd2 g6 6. e4 d6 7. Be2 Bg7 8. a3 Na6
9. O-O O-O 10. Re1 e6 11. Bf1 Re8 12. h3 Re7 13. Bd3 Qe8 14. Nf1 Rb8 15. Ng3 e5
16. Nh2 h6 17. Rf1 Rb6 18. Be3 bxa3 19. bxa3 Nb8 20. Ng4 Nxg4 21. hxg4 Reb7 22.
Bc2 Qe7 23. f3 Bf6 24. Bxh6 Bg5 25. Bxg5 Qxg5 26. Qc1 Qh4 27. Kf2 Bxg4 28. fxg4
Rb3 29. Bxb3 Rxb3 30. Kg1 Rxg3 31. Qe1 Qxg4 32. Ra2 Nd7 33. Qf2 f6 34. Rb2 Kf7
35. Rb7 Ke8 36. Rxa7 f5 37. exf5 gxf5 38. Qxf5 Rxg2+ 39. Kh1 Rg1+ 0-1

[Event "Lloyds Bank Masters 11th"]
[Site "London"]
[Date "1987.08.26"]
[Round "5"]
[White "Dlugy, Maxim"]
[Black "Knott, Simon JB"]
[Result "1/2-1/2"]
[WhiteElo "2545"]
[BlackElo "2350"]
[PlyCount "63"]
[EventDate "1987.08.22"]
[EventType "swiss"]
[EventRounds "10"]
[EventCountry "ENG"]
[SourceTitle "BritBase"]
[Source "John Saunders"]
[SourceDate "2022.12.30"]
[SourceVersion "1"]
[SourceVersionDate "2022.12.30"]
[SourceQuality "1"]

1. d4 Nf6 2. c4 g6 3. Nc3 d5 4. Bf4 Bg7 5. e3 O-O 6. Nf3 c5 7. dxc5 Ne4 8. Rc1
Nxc3 9. bxc3 dxc4 10. Qxd8 Rxd8 11. Bxc4 Nc6 12. Ng5 Rf8 13. O-O Na5 14. Bd5 e6
15. Bf3 e5 16. Bg3 h6 17. Ne4 f5 18. Nd6 f4 19. Bd5+ Kh7 20. Rb1 fxg3 21. hxg3
Bd7 22. Bxb7 Rab8 23. Bd5 Nc6 24. Rb3 Ne7 25. e4 Bc6 26. Be6 Ra8 27. c4 Rfd8
28. Rfb1 h5 29. Nf7 Rf8 30. Ng5+ Kh6 31. Nf7+ Kh7 32. Ng5+ 1/2-1/2

[Event "Lloyds Bank Masters 11th"]
[Site "London"]
[Date "1987.08.26"]
[Round "5"]
[White "Kudrin, Sergey"]
[Black "Sowray, Peter John"]
[Result "1-0"]
[WhiteElo "2515"]
[BlackElo "2315"]
[PlyCount "41"]
[EventDate "1987.08.22"]
[EventType "swiss"]
[EventRounds "10"]
[EventCountry "ENG"]
[SourceTitle "BritBase"]
[Source "John Saunders"]
[SourceDate "2022.12.30"]
[SourceVersion "1"]
[SourceVersionDate "2022.12.30"]
[SourceQuality "1"]

1. e4 c6 2. d4 d5 3. Nc3 dxe4 4. Nxe4 Nf6 5. Nxf6+ gxf6 6. c3 Bf5 7. Nf3 Qc7 8.
g3 Nd7 9. Bg2 e6 10. O-O Bd6 11. Re1 O-O-O 12. b4 h5 13. Nh4 Bg4 14. Qa4 Kb8
15. c4 e5 16. c5 Bf8 17. b5 cxb5 18. Qxb5 a6 19. Qb2 exd4 20. Bf4 Ne5 21. Rxe5
1-0

[Event "Lloyds Bank Masters 11th"]
[Site "London"]
[Date "1987.08.26"]
[Round "5"]
[White "Manor, Ilan"]
[Black "Chandler, Murray G"]
[Result "0-1"]
[WhiteElo "2375"]
[BlackElo "2575"]
[PlyCount "120"]
[EventDate "1987.08.22"]
[EventType "swiss"]
[EventRounds "10"]
[EventCountry "ENG"]
[SourceTitle "BritBase"]
[Source "John Saunders"]
[SourceDate "2022.12.30"]
[SourceVersion "1"]
[SourceVersionDate "2022.12.30"]
[SourceQuality "1"]

1. d4 Nf6 2. c4 e6 3. g3 d5 4. Bg2 Bb4+ 5. Bd2 Be7 6. Nf3 O-O 7. O-O c6 8. Qb3
Nbd7 9. Nc3 Nb6 10. cxd5 exd5 11. Ne5 Bf5 12. Rfd1 h6 13. Rac1 Bd6 14. a4 a5
15. Bf4 Bc7 16. Nd3 Bxf4 17. Nxf4 Re8 18. Nd3 Nc4 19. Ne5 Nd6 20. Re1 Ra6 21.
Qa3 Rb6 22. Na2 Ng4 23. Qc3 Ne4 24. Bxe4 dxe4 25. Nxg4 Bxg4 26. b4 Be6 27. bxa5
Ra6 28. Nb4 Rxa5 29. Ra1 Qa8 30. Ra3 Rxa4 31. Rea1 Rxa3 32. Rxa3 Qd8 33. Qc5
Bg4 34. Re3 Qd7 35. h4 Bf5 36. Nc2 Ra8 37. Rb3 Be6 38. Rb2 Ra2 39. Rxa2 Bxa2
40. Ne3 b5 41. h5 Be6 42. Kf1 Qb7 43. Nc2 Qa8 44. Ne3 Qb7 45. Nc2 Bd5 46. Kg1
Kh7 47. Qd6 Qa7 48. Qe5 Qd7 49. Nb4 Qe6 50. Qxe6 fxe6 51. Kf1 Kg8 52. Ke1 Kf7
53. Kd2 Kf6 54. Ke3 Kg5 55. Na6 Kxh5 56. Kf4 g5+ 57. Ke3 Kg4 58. Nc7 h5 59. Ne8
h4 60. Nf6+ Kf5 0-1

[Event "Lloyds Bank Masters 11th"]
[Site "London"]
[Date "1987.08.26"]
[Round "5"]
[White "Martin, Andrew D"]
[Black "Rogers, Ian"]
[Result "0-1"]
[WhiteElo "2375"]
[BlackElo "2530"]
[PlyCount "78"]
[EventDate "1987.08.22"]
[EventType "swiss"]
[EventRounds "10"]
[EventCountry "ENG"]
[SourceTitle "BritBase"]
[Source "John Saunders"]
[SourceDate "2022.12.30"]
[SourceVersion "1"]
[SourceVersionDate "2022.12.30"]
[SourceQuality "1"]

1. d4 Nf6 2. Nf3 d5 3. c4 e6 4. Bg5 Nbd7 5. Nc3 Bb4 6. e3 c5 7. cxd5 exd5 8.
Bb5 Qb6 9. O-O Bxc3 10. Bxd7+ Bxd7 11. bxc3 Ne4 12. dxc5 Qxc5 13. Qd4 O-O 14.
Qxc5 Nxc5 15. Be7 Rfc8 16. Rfd1 Be6 17. Bxc5 Rxc5 18. Rab1 b6 19. Nd4 Rxc3 20.
h3 h6 21. Kh2 Bc8 22. Rb2 Ba6 23. Nf5 Bc4 24. Ne7+ Kf8 25. Nxd5 Ra3 26. Rdd2
Rd8 27. e4 b5 28. Nb4 Rxd2 29. Rxd2 g6 30. f4 a5 31. Nc6 Rxa2 32. Rd8+ Kg7 33.
e5 a4 34. Ne7 a3 35. Ng8 Rd2 36. Rb8 f5 37. Nf6 a2 38. Rb7+ Kf8 39. Ra7 Rd1 0-1

[Event "Lloyds Bank Masters 11th"]
[Site "London"]
[Date "1987.08.26"]
[Round "5"]
[White "Mortazavi, Ali"]
[Black "Anagnostopoulos, Dimitrios"]
[Result "0-1"]
[WhiteElo "2230"]
[BlackElo "2330"]
[PlyCount "44"]
[EventDate "1987.08.22"]
[EventType "swiss"]
[EventRounds "10"]
[EventCountry "ENG"]
[SourceTitle "BritBase"]
[Source "John Saunders"]
[SourceDate "2022.12.30"]
[SourceVersion "1"]
[SourceVersionDate "2022.12.30"]
[SourceQuality "1"]

1. d4 Nf6 2. c4 g6 3. Nc3 Bg7 4. e4 d6 5. Bd3 O-O 6. Nge2 e5 7. d5 Nh5 8. O-O
Nd7 9. Rb1 a5 10. Bc2 Qe7 11. a3 Nb6 12. Na4 Nxc4 13. Bd3 Nb6 14. Nxb6 cxb6 15.
Be3 f5 16. Nc3 f4 17. Bxb6 f3 18. g3 Bh3 19. Nb5 Bg2 20. Be3 Qd7 21. Re1 Qh3
22. Nxd6 Nf6 0-1

[Event "Lloyds Bank Masters 11th"]
[Site "London"]
[Date "1987.08.26"]
[Round "5"]
[White "Thipsay, Bagyashree Sathe"]
[Black "Finegold, Gina Lynne"]
[Result "0-1"]
[WhiteElo "2190"]
[BlackElo "2035"]
[PlyCount "74"]
[EventDate "1987.08.22"]
[EventType "swiss"]
[EventRounds "10"]
[EventCountry "ENG"]
[SourceTitle "BritBase"]
[Source "John Saunders"]
[SourceDate "2022.12.30"]
[SourceVersion "1"]
[SourceVersionDate "2022.12.30"]
[SourceQuality "1"]

1. e4 c6 2. d4 d5 3. exd5 cxd5 4. Bd3 Nc6 5. c3 Qc7 6. Nf3 g6 7. O-O Nf6 8. Re1
Bf5 9. Bxf5 gxf5 10. Qd3 Ne4 11. Nbd2 e6 12. Nf1 O-O-O 13. b4 Bd6 14. a3 h5 15.
c4 dxc4 16. Qxc4 Ne7 17. Qb3 Kb8 18. Bb2 Nd5 19. Rac1 Qe7 20. Ne5 Rhg8 21. Rc2
Nf4 22. Ne3 Bxe5 23. dxe5 Nd2 24. Rxd2 Rxd2 25. Bc1 Ne2+ 26. Rxe2 Rxe2 27. Kf1
Rc8 28. Kxe2 Rxc1 29. Qb2 Qc7 30. Kd2 Rc6 31. Qd4 f6 32. f4 fxe5 33. fxe5 a5
34. Ke2 Rc3 35. bxa5 Rxa3 36. Nc4 Ra2+ 37. Kf3 Ra4 0-1